Представление документа в формате RUSMARC

ПолеНазваниеЗначение
  Тип записи a
  Библиографический уровень m
001 Контрольный номер 1a8490ab8d944582a7be6b3050856bc2
005 Дата корректировки 20141125114851.9
101 Язык документа 0_
a Язык текста rus
102 Страна публикации __
a Страна публикации RU
200 Заглавие и сведения об ответственности 1_
a Заглавие Инновационный менеджмент
b Общее обозначение материала Текст
e Сведения, относящиеся к заглавию Учебник для бакалавров
f Первые сведения об ответственности А.В.Тебекин; Ин-т Мировой экономики и информатизации (ИМЭИ)
205 Сведения об издании __
a Основные сведения об издании 2-е изд., перераб. и доп.
210 Выходные данные 1_
a Место издания М.
c Издательство Издательство Юрайт
d Дата издания 2014
215 Физическое описание __
a Объем 481с.
225 Серия 2_
a Серия Бакалавр. базовый курс
610 Ключевые слова 0_
a Ключевые слова Менеджмент, Управление, Инновационный менеджмент
686 Индексы других классификаций __
a Классификационный индекс 65.291.551-21
700 Автор _1
a Фамилия Тебекин
b Имя А.В.
801 Источник записи _0
a Страна RU
b Организация РУК
g Правила каталогизации PSBO
801 Источник записи _1
a Страна RU
b Организация РУК
g Правила каталогизации PSBO
852 Данные о местонахождении __
i Авторский знак Т 29
j Шифр хранения 65.291.551-21
901 Тип документа __
t Тип документа m
937 Технологическая информация __
a Создатель записи (имя) Попова
938 Служебная информация __
a Название организации Мурманский филиал
952 Тип литературы __
b Гриф литературы для ВШ гриф УМО
c Вид литературы учебник